000
00227nmm a2200085Ia 4500
008
220120s9999||||xx |||||||||||||||||und||
100
_a
EFY
245
0
_a
Circuits EFY Magazine , e-books, Utilities , design simulat
260
_c
2006
999
_c
138516
_d
138516